Statistiken für Wildtiere in Deutschland (Säugetiere)

Klicken Sie hier um das Quiz zu spielen!

Allgemein

  • Dieses Quiz wurde 391 mal gespielt
    (311 seit der letzten Aktualisierung)
  • Das Durchschnittsergebnis liegt bei 19 aus 34

Antwortstatistiken

Säugetier% Korrekt
Reh
95%
Rotfuchs
94%
Wolf
92%
Wildschwein
89%
Rothirsch
88%
Maus (Feldmaus, Haselmaus usw.)
84%
Kaninchen, Feldhasen
80%
Dachs
78%
Luchs
77%
Ratte
77%
Eichhörnchen
69%
Biber
66%
Baummarder, Steinmarder
64%
Waschbär
63%
Feldhamster
58%
Fischotter
56%
Wildkatze
55%
Elch
49%
Igel
48%
Steinbock
45%
Wiesel
45%
Maulwurf
41%
Gämse (Wildziegen)
39%
Iltis
38%
Fledermaus
37%
Verschiedene Walarten
35%
Robben (Kegelrobben, Seehunde)
33%
Hermelin
30%
Murmeltier
30%
Bisamratte
29%
Delfin
25%
Nutria
25%
Siebenschläfer
24%
Mufflon (Wildschaf)
21%

Verteilung der Resultate

Perzentil nach korrekt beantworteten Fragen

Anzahl Personen mit jedem Resultat

Ihre Resultats-Entwicklung

Sie haben dieses Quiz seit der letzten Aktualisierung nicht gespielt